| 000 -LEADER |
| fixed length control field |
01591cam a22004458i 4500 |
| 001 - CONTROL NUMBER |
| control field |
19837720 |
| 003 - CONTROL NUMBER IDENTIFIER |
| control field |
NUST |
| 005 - DATE AND TIME OF LATEST TRANSACTION |
| control field |
20190729105105.0 |
| 008 - FIXED-LENGTH DATA ELEMENTS--GENERAL INFORMATION |
| fixed length control field |
170725s2018 flu b 001 0 eng |
| 010 ## - LIBRARY OF CONGRESS CONTROL NUMBER |
| LC control number |
2017035052 |
| 015 ## - NATIONAL BIBLIOGRAPHY NUMBER |
| Source |
parchase |
| 020 ## - INTERNATIONAL STANDARD BOOK NUMBER |
| International Standard Book Number |
9781498773430 (hardback : alk. paper) |
| 038 ## - RECORD CONTENT LICENSOR |
| Staff Name |
Nusrat Nadeem |
| 040 ## - CATALOGING SOURCE |
| Original cataloging agency |
DLC |
| Language of cataloging |
eng |
| Description conventions |
rda |
| Transcribing agency |
DLC |
| Modifying agency |
RCMS |
| 042 ## - AUTHENTICATION CODE |
| Authentication code |
pcc |
| 050 00 - LIBRARY OF CONGRESS CALL NUMBER |
| Classification number |
QP360.7 |
| Item number |
.B7345 2018 |
| 082 00 - DEWEY DECIMAL CLASSIFICATION NUMBER |
| Classification number |
612.80285 |
| Edition number |
23 |
| 100 ## - MAIN ENTRY--PERSONAL NAME |
| Personal name |
edited by Chang S. Nam, Anton Nijholt, Fabien Lotte. |
| 9 (RLIN) |
18821 |
| 245 00 - TITLE STATEMENT |
| Title |
Brain-computer interfaces handbook : |
| Remainder of title |
technological and theoretical advances / |
| Statement of responsibility, etc. |
edited by Chang S. Nam, Anton Nijholt, Fabien Lotte. |
| 263 ## - PROJECTED PUBLICATION DATE |
| Projected publication date |
1802 |
| 264 #1 - PRODUCTION, PUBLICATION, DISTRIBUTION, MANUFACTURE, AND COPYRIGHT NOTICE |
| Place of production, publication, distribution, manufacture |
Boca Raton : |
| Name of producer, publisher, distributor, manufacturer |
Taylor & Francis, CRC Press, |
| Date of production, publication, distribution, manufacture, or copyright notice |
2018. |
| 300 ## - PHYSICAL DESCRIPTION |
| Extent |
pages cm |
| 336 ## - CONTENT TYPE |
| Content type term |
text |
| Content type code |
txt |
| Source |
rdacontent |
| 337 ## - MEDIA TYPE |
| Media type term |
unmediated |
| Media type code |
n |
| Source |
rdamedia |
| 338 ## - CARRIER TYPE |
| Carrier type term |
volume |
| Carrier type code |
nc |
| Source |
rdacarrier |
| 504 ## - BIBLIOGRAPHY, ETC. NOTE |
| Bibliography, etc. note |
Includes bibliographical references and index. |
| 650 #0 - SUBJECT ADDED ENTRY--TOPICAL TERM |
| Topical term or geographic name entry element |
Neuroergonomics. |
| 9 (RLIN) |
16183 |
| 650 #0 - SUBJECT ADDED ENTRY--TOPICAL TERM |
| Topical term or geographic name entry element |
Brain-computer interfaces. |
| 9 (RLIN) |
16184 |
| 650 #0 - SUBJECT ADDED ENTRY--TOPICAL TERM |
| Topical term or geographic name entry element |
Self-help devices for people with disabilities. |
| 9 (RLIN) |
16185 |
| 650 #0 - SUBJECT ADDED ENTRY--TOPICAL TERM |
| Topical term or geographic name entry element |
Brain |
| General subdivision |
Research. |
| 9 (RLIN) |
16186 |
| 650 #0 - SUBJECT ADDED ENTRY--TOPICAL TERM |
| Topical term or geographic name entry element |
Computer games |
| General subdivision |
Equipment and supplies. |
| 9 (RLIN) |
16187 |
| 650 #0 - SUBJECT ADDED ENTRY--TOPICAL TERM |
| Topical term or geographic name entry element |
Augmented reality. |
| 9 (RLIN) |
16188 |
| 650 #0 - SUBJECT ADDED ENTRY--TOPICAL TERM |
| Topical term or geographic name entry element |
Human-machine systems. |
| 9 (RLIN) |
2302 |
| 700 1# - ADDED ENTRY--PERSONAL NAME |
| Personal name |
Nam, Chang S., |
| Relator term |
editor. |
| 9 (RLIN) |
16189 |
| 700 1# - ADDED ENTRY--PERSONAL NAME |
| Personal name |
Nijholt, Anton, |
| Dates associated with a name |
1946- |
| Relator term |
editor. |
| 9 (RLIN) |
16190 |
| 700 1# - ADDED ENTRY--PERSONAL NAME |
| Personal name |
Lotte, Fabien, |
| Relator term |
editor. |
| 9 (RLIN) |
16191 |
| 906 ## - LOCAL DATA ELEMENT F, LDF (RLIN) |
| a |
7 |
| b |
cbc |
| c |
orignew |
| d |
1 |
| e |
ecip |
| f |
20 |
| g |
y-gencatlg |
| 942 ## - ADDED ENTRY ELEMENTS (KOHA) |
| Source of classification or shelving scheme |
|
| Koha item type |
Book |